header

Law's quandary (Record no. 163130)

MARC details
000 -LEADER
fixed length control field 01155nam a2200301Ia 4500
100 1# - MAIN ENTRY--AUTHOR NAME
Personal name Smith, Steven D.
245 10 - TITLE STATEMENT
Title Law's quandary
260 ## - PUBLICATION, DISTRIBUTION, ETC. (IMPRINT)
Place of publication Cambridge, Mass. :
Name of publisher Harvard University Press,
Year of publication 2004.
300 ## - PHYSICAL DESCRIPTION
Number of Pages xiv, 206 p.
650 #0 - SUBJECT ADDED ENTRY--TOPICAL TERM
Topical Term Law
Topical Term Rule of law.
856 40 - ELECTRONIC LOCATION AND ACCESS
Uniform Resource Identifier http://site.ebrary.com/lib/rucke/Doc?id=10312801

No items available.

© 2026 Rongo University
Contact us: librarian | system librarian | Rongo university